Quiz Pokémon en images - 9ème Génération - Statistiques

Statistiques générales
  • Ce quiz a été pris 54 fois
  • Le résultat moyen est 64 sur 120
Statistiques - réponses
Par images Réponse % Correct
Pohm
89%
Taupikeau
89%
Triopikeau
89%
Chochodile
85%
Poussacha
85%
Deusolourdo
81%
Olivini
78%
Pohmarmotte
78%
Terracool
78%
Toutombe
78%
Superdofin
74%
Terracruel
74%
Terraiste
74%
Briochien
70%
Compagnol
70%
Dofin
70%
Miraidon
70%
Coiffeton
67%
Famignol
67%
Gromago
67%
Koraidon
67%
Pâtachiot
67%
Pohmotte
67%
Virovent
67%
Ampibidou
63%
Flâmigator
63%
Gigansel
63%
Gourmelet
63%
Têtampoule
63%
Vrombi
63%
Yuyu
63%
Zapétrel
63%
Charbambin
59%
Courrousinge
59%
Dinglu
59%
Flamenroule
59%
Forgelina
59%
Fragroin
59%
Miascarade
59%
Motorizard
59%
Palmaval
59%
Tag-Tag
59%
Baojian
56%
Carmadura
56%
Crocogril
56%
Léboulérou
56%
Malvalame
56%
Matourgeon
56%
Mordudor
56%
Ogerpon
56%
Paume-de-Fer
56%
Vrombotor
56%
Arboliva
52%
Canarbello
52%
Félicanis
52%
Ferdeter
52%
Forgella
52%
Fulgulairo
52%
Garde-de-Fer
52%
Lilliterelle
52%
Nigirigon
52%
Olivado
52%
Selutin
52%
Tapatoès
52%
Terapagos
52%
Tissenboule
52%
Bérasca
48%
Craparoi
48%
Dogrino
48%
Farigiraf
48%
Frigodo
48%
Gribouraigne
48%
Hurle-Queue
48%
Scalpereur
48%
Tomberro
48%
Balbalèze
44%
Chongjian
44%
Épine-de-Fer
44%
Filentrappe
44%
Floréclat
44%
Grondogue
44%
Hotte-de-Fer
44%
Ire-Foudre
44%
Mite-de-Fer
44%
Oyacata
44%
Pimito
44%
Roue-de-Fer
44%
Scovilain
44%
Théffroyable
44%
Vert-de-Fer
44%
Amassel
41%
Cléopsytra
41%
Cryodo
41%
Fort-Ivoire
41%
Glaivodo
41%
Lestombaile
41%
Pêchaminus
41%
Pomdorochi
41%
Pomdramour
41%
Têtes-de-Fer
41%
Virevorreur
41%
Favianos
37%
Fortusimia
37%
Germéclat
37%
Piétacé
37%
Rugit-Lune
37%
Chef-de-Fer
33%
Délestin
33%
Flotillon
33%
Flotte-Mèche
33%
Forgerette
33%
Gambex
33%
Pelage-Sablé
33%
Pondralugon
33%
Rampe-Ailes
33%
Serpente-Eau
33%
Feu-Perçant
30%
Fongus-Furie
30%
Poltchageist
26%
Roc-de-Fer
22%
Aucun quiz correspondant
Distribution des résultats
% des personnes avec chaque résultat
Percentile par nombre de réponses
Votre historique - résultats
Vous n’avez pas pris ce quiz